000 00293nam a22001337a 4500
008 170814b xxu||||| |||| 00| 0 eng d
020 _a0534340288
041 _aeng
080 _24 ED
_a51
100 _a36
101 _aMAT
245 _aATRANSITION MATHEMATICS
_cSMITH.D
942 _2udc
_cBK
999 _c23260
_d23260